000 00431nam a2200181Ia 4500
005 20251020182529.0
008 200515s9999 xx 000 0 und d
082 _a696.1/O73
100 _aORTEGA GARCIA, José
245 0 _aInstalaciones sanitarias en viviendas
250 _a20a ed.
260 _aBarcelona
260 _c1980
500 _a1 ejemplar
650 _aINSTALACIONES SANITARIAS
650 _aLIB
942 _cLIB
999 _c2002
_d2002